Best NBA Player From Each Team (Current) - Statistics

General Stats
  • This quiz has been taken 201 times
    38 since last reset
  • The average score is 25 of 30
Answer Stats
Hint Answer % Correct
Celtics Jaylen Brown
100%
Suns Devin Booker
97%
Cavaliers Donovan Mitchell
97%
Clippers Kawhi Leonard
97%
Hornets LaMelo Ball
97%
Lakers Luka Doncic
97%
Nuggets Nikola Jokic
97%
Thunder Shai Gilgeous-Alexander
97%
Warriors Stephen Curry
97%
Spurs Victor Wembanyama
97%
Timberwolves Anthony Edwards
94%
Pistons Cade Cunningham
94%
Bucks Giannis Antetokounmpo
94%
Knicks Jalen Brunson
94%
Grizzlies Ja Morant
94%
Rockets Kevin Durant
94%
Pacers Tyrese Haliburton
94%
Heat Bam Adebayo
91%
Mavericks Kyrie Irving
91%
76ers Tyrese Maxey
91%
Magic Paolo Banchero
84%
Raptors Scottie Barnes
78%
Hawks Jalen Johnson
72%
Wizards Anthony Davis
66%
Kings Domantas Sabonis
66%
Nets Michael Porter Jr.
63%
Bulls Josh Giddey
53%
Jazz Keyonte George
47%
Trailblazers Deni Avdija
44%
Pelicans Trey Murphy III
31%
No matching quizzes found
Score Distribution
Percent of People with Each Score
Percentile by Number Answered
Your Score History
You have not taken this quiz since the last reset